Responses for Show #44 - Thursday, November 8, 1984

John Genova game 2.
Game entered from audiorecording. Missing prizes.

Contestants

[<< previous game]

Gregory Proops, a retail sales clerk from San Francisco, California

Roberta Martinez, a music historian from Pasadena, California

John Genova, a court reporting student from North Hollywood, California (whose 1-day cash winnings total $9,100)

[next game >>]

Jeopardy! Round responses

ANIMALS
POTENT POTABLES
SPORTS
MUSIC
NUMBERS
TV TRIVIA
    $100 1
a moth

John
    $100 26
[The end-of-round signal sounds.]
(Alex: Nice going, Gregory. That heavy metal band must have really helped.)
(Gregory: It really helps on the music ones, Alex.)
(Alex: It certainly does, all right.)

rum

John
    $100 6
the Dodgers

John
    $100 9
a quarter note

Gregory
    $100 13
13

John
    $100 18
(Alex: Yes, you had to think about it for a moment.)

Tony Randall

Roberta
    $200 2
a tortoise

John
    $200 7
Pete Rose

John
    $200 11
(Roberta: What is a virginal?)
(Gregory: What is a Clavinet?)
(John: [Without being recognized] What is an autoharp?)
...
(Alex: How 'bout your basic all-American [*]?)

a piano

JohnRobertaGregory
Triple Stumper
    $200 14
the third degree

John
    $200 20
Steve Allen

John
    $300 3
[Applause for John's third correct response in a row]

kangaroos

John
    $300 8
(John: Uhh!)
(Alex: Too much time!)

Mary Lou Retton

JohnRoberta
    $300 12
a score

John
    $300 15
99

John
    $300 21
(John: Who was Carmen Miranda?)
[Alex sings a bit of the correct response's song.]

Chiquita Banana

JohnRoberta
    $400 4
(John: What is a scorpion?)

a wasp

John
Triple Stumper
    $400 10
the Army-Navy game

Roberta
    $400 17
a lyre

Gregory
    $400 16
index cards

Roberta
    $400 22
(Roberta: [No response])
(Alex: Ah, too much time for you.)
...
(Alex: Yes, we used to see her lovely legs.)
[ERRATUM: She was occasionally seen from the waist up in Richard Diamond, Private Detective.]

Mary Tyler Moore

RobertaGregory
    $500 5
[Applause for Gregory's correct response]

sheep

Gregory
    $500 23
(Alex: Yes, so far, their only coach. We've got less than a minute to go in the round.)

Tom Landry

Gregory
    $500 19
the tempo

Roberta
    $1,000 25
(Alex: I had the feeling, there, Gregory, that you really didn't need the music, but have you got a question for me?)

15

Gregory
    $500 24
(Roberta: [No response])

John Cameron Swayze

RobertaGregory

Scores at the first commercial break (after clue 13):

John Roberta Gregory
$400 $500 $400

Scores at the end of the Jeopardy! Round:

John Roberta Gregory
$900 $900 $3,200

Double Jeopardy! Round responses

WORLD LEADERS
LITERATURE
MEDICINE
“V” CITIES
NOTORIOUS
“TIN” TYPES
    $200 7
Menachem Begin

Gregory
    $200 6
British

John
    $200 23
a blood bank

Roberta
    $200 9
Venice

John
    $200 1
(Alex: As we begin Double Jeopardy!, normally the person who is in third place would go, but we have a tie, John and Roberta with $900. John, you were the contestant who gave us the last correct question, so you get to select first in this round.)

the Marquis de Sade

John
    $200 17
the Tin Woodsman

John
    $400 8
Queen Elizabeth

Roberta
    $400 19
[Alex misspeaks the second title as For Whom the Bells Tolls.]

Spain

Gregory
    $400 24
an epidemic

John
    $400 10
Valencia

John
    $400 2
Al Capone

John
    $400 18
Rin Tin Tin

Gregory
    $600 14
Andrei Gromyko

John
    $600 20
[Alex says the word "first" twice in a row when reading the clue.]

Moby-Dick

Gregory
    $600 25
rash

Gregory
    $600 11
Vienna

Gregory
    $600 3
"Machine Gun" Kelly

John
    $1,200 28
(John: What is The Boy with...)
(Alex: I'm sorry, John. I bet you Roberta knows. Don't you, Roberta?)
(Roberta: [Laughs] [*]?)

The Tin Drum

John
    $2,300 15
(Alex: ...giving you a total of $6,600. You're back in the lead, John!)

Deng Xiaoping

John
    $800 21
[Gregory stumbles over the surname pronunciation.]

Anna Karenina

Gregory
    $800 26
(Roberta: [*].)
(Alex: [*], right!)

thumb

Roberta
    $800 12
Virginia City

John
    $800 4
Isabella

Gregory
    $800 29
(Gregory: What is tinny?)
(John: What is tintinnabulum?)
(Alex: Take another shot at it.)
(John: Tintinnabala?)
[The end-of-round signal sounds.]

tintinnabulation

JohnGregory
Triple Stumper
    $1000 16
(Jean-Claude) Duvalier

Gregory
    $1000 22
(Alex: The man's on a roll!)

Irish

Gregory
    $1000 27
(Gregory: What is, um, a lesion?)
...
(Alex: Less than a minute to go in the round, and three answers only remaining on the board.)

a compound fracture

JohnGregory
    $1000 13
(Roberta: [No response])
(Alex: Sorry, you took too long.)

Vancouver

RobertaGregory
    $1000 5
(Gregory: Who is, uh, Neville Chamberlain?)
...
(Alex: Nice going, Roberta! You're right back in this.)

John Profumo

RobertaGregory

Scores at the end of the Double Jeopardy! Round:

John Roberta Gregory
$6,200 $2,300 $7,800

[wagering suggestions for these scores]

Final Jeopardy! Round responses

AMERICAN GOVERNMENT
(Alex: All right, put your pens down. Whoop-op-op-op! Op-op! Put 'em down! Sorry, we have to be fair.)
...
(Alex: [Reading Gregory's response] "Who are speaker of House and..." I can't make out the rest of it. And that is unfortunate. I don't--I'll--I'll ask you--)
(Gregory: It's "speaker pro tem.")
(Alex: Speaker pro tem. I'm sorry, that is incorrect. We have--aw. [Misspeaking] You risked $7,800, let's see what it cost you... s--$5,300, leaving you with a total of $2,500, and that means you finish in second place.)
RobertaWho is the speaker & the chief justice?
$2,300
JohnWho are the speaker of the House & the vice president?
$6,195
GregoryWho are speaker of House & [indecipherable]
$5,300
the speaker of the House & the vice president

Final scores:

John Roberta Gregory
$12,395 $0 $2,500
2-day champion: $21,495 3rd place 2nd place

Game dynamics:

Coryat scores:

John Roberta Gregory
$5,900 $2,300 $7,300
23 R
(including 1 DD),
6 W
(including 1 DD)
10 R,
4 W
18 R
(including 1 DD),
4 W

Combined Coryat: $15,500

[game clues] [game scores] [suggest correction]

Game tape date: 1984-09-04
The J! Archive is created by fans, for fans. Scraping, republication, monetization, and malicious use prohibited; this site may use cookies and collect identifying information. See terms. The Jeopardy! game show and all elements thereof, including but not limited to copyright and trademark thereto, are the property of Jeopardy Productions, Inc. and are protected under law. This website is not affiliated with, sponsored by, or operated by Jeopardy Productions, Inc. Join the discussion at JBoard.tv.